Negligent valuations (Record no. 15919)

MARC details
000 -LEADER
fixed length control field 00791cab a2200217 4500
001 - CONTROL NUMBER
control field WB2549-38
008 - FIXED-LENGTH DATA ELEMENTS--GENERAL INFORMATION
fixed length control field 090401t1989 xxu||||| |||| 00| 0 eng d
035 ## - SYSTEM CONTROL NUMBER
System control number (Sirsi) u23778
041 ## - LANGUAGE CODE
Language code of text/sound track or separate title eng
245 ## - TITLE STATEMENT
Title Negligent valuations
260 ## - PUBLICATION, DISTRIBUTION, ETC.
Date of publication, distribution, etc. 1989
350 ## - PRICE (NR) (BK AM CF MU VM SE) [OBSOLETE]
Price 0
490 ## - SERIES STATEMENT
Series statement Estates Gazette
Volume/sequential designation no 8849, 9/12/89 p65
520 ## - SUMMARY, ETC.
Summary, etc. Discusses recent cases on negligence with particular reference to the case Beresforde v Chesterfield BC CA 10 July 1989, (See WB2531-30), which addressed the question of a mortgagee`s responsibility for the negligence of an independent professional.
650 ## - SUBJECT ADDED ENTRY--TOPICAL TERM
Topical term or geographic name entry element HARRIS V WYRE FOREST DC
650 ## - SUBJECT ADDED ENTRY--TOPICAL TERM
Topical term or geographic name entry element SMITH V ERIC S BUSH
650 ## - SUBJECT ADDED ENTRY--TOPICAL TERM
Topical term or geographic name entry element VALUERS
690 ## - LOCAL SUBJECT ADDED ENTRY--TOPICAL TERM (OCLC, RLIN)
Topical term or geographic name as entry element MANAGEMENT-BUSINESS MANAGEMENT-PROFESSIONAL PRACTICE
942 ## - ADDED ENTRY ELEMENTS (KOHA)
Suppress in OPAC 0
948 ## - LOCAL PROCESSING INFORMATION (OCLC); SERIES PART DESIGNATOR (RLIN)
c (OCLC) 04/03/1997
Holdings
Withdrawn status Lost status Source of classification or shelving scheme Damaged status Not for loan Home library Current library Shelving location Date acquired Total Checkouts Full call number Barcode Date last seen Copy number Price effective from Koha item type
    Dewey Decimal Classification     London London News article 14/09/1999   WB2549-38 23778-1001 06/08/2019 1 06/08/2019 News article